00740nam a22002057a 4500003000500000005001700005008004100022010001000063011001000073035001000083040000900093082001700102110008000119245010000199260010200299300001900401490004700420650002000467830004700487CHAP20220329134725.0971013s1970 r 00010 d a24853 a25825 a29925 cCHAP a631.4981bI5 aInstituto de Pesquisas e Expeimentacao Agropecuaria do Norte. Belem, Brasil aLevantamento de reconhecimento dos solos da colonia agricola Paes de Carvalho, Alenquer, Pará aBelém :bInstituto de Pesquisas e Experimentacao Agropecuárias do Norte. Belem, Brasil,c1970 a150 p.b; mapa aSérie solos da Amazonia, vol. 2v; no. 214aSuelosxBrasil.0 aSérie solos da Amazonia, vol. 2v; no. 2